Five Stages of Grief - Statistics

General Stats
  • This quiz has been taken 49,738 times
  • The average score is 4 of 5
Answer Stats
Stage % Correct
Acceptance
89%
Anger
86%
Denial
86%
Depression
75%
Bargaining
57%
No matching quizzes found
Score Distribution
Percent of People with Each Score
Percentile by Number Answered
Your Score History
You have not taken this quiz